<?xml version="1.0" encoding="UTF-8"?>
<record
    xmlns:xsi="http://www.w3.org/2001/XMLSchema-instance"
    xsi:schemaLocation="http://www.loc.gov/MARC21/slim http://www.loc.gov/standards/marcxml/schema/MARC21slim.xsd"
    xmlns="http://www.loc.gov/MARC21/slim">

  <leader>01033nam a2200289 i 4500</leader>
  <controlfield tag="001">33415</controlfield>
  <controlfield tag="003">ES-MaACL</controlfield>
  <controlfield tag="005">20250729045643.0</controlfield>
  <controlfield tag="007">t|</controlfield>
  <controlfield tag="008">030202s1982    fr       b    00110 spa d</controlfield>
  <datafield tag="020" ind1=" " ind2=" ">
    <subfield code="a">92-3-302072-X</subfield>
  </datafield>
  <datafield tag="080" ind1=" " ind2=" ">
    <subfield code="a">016:3(038)</subfield>
  </datafield>
  <datafield tag="080" ind1=" " ind2=" ">
    <subfield code="a">016:025.43/47:3</subfield>
  </datafield>
  <datafield tag="245" ind1="0" ind2="0">
    <subfield code="a">Bibliograf&#xED;a de vocabularios, tesauros, encabezamientos de materia y esquemas de clasificaci&#xF3;n de ciencias sociales (mono y pluriling&#xFC;es) / </subfield>
    <subfield code="c">preparado por la Biblioteca Aslib en colaboraci&#xF3;n con Jean Aitchison y C.G. Allen.</subfield>
  </datafield>
  <datafield tag="260" ind1=" " ind2=" ">
    <subfield code="a">Par&#xED;s : </subfield>
    <subfield code="b">Unesco, </subfield>
    <subfield code="c">1982.</subfield>
  </datafield>
  <datafield tag="300" ind1=" " ind2=" ">
    <subfield code="a">100 p. ; </subfield>
    <subfield code="c">30 cm.</subfield>
  </datafield>
  <datafield tag="490" ind1="1" ind2=" ">
    <subfield code="a">Informes y documentos de ciencias sociales ; </subfield>
    <subfield code="v">54</subfield>
  </datafield>
  <datafield tag="500" ind1=" " ind2=" ">
    <subfield code="a">&#xCD;ndices.</subfield>
  </datafield>
  <datafield tag="650" ind1=" " ind2="7">
    <subfield code="a">Ciencias sociales-</subfield>
    <subfield code="v">Bibliograf&#xED;as</subfield>
    <subfield code="2"></subfield>
    <subfield code="9">144047</subfield>
  </datafield>
  <datafield tag="700" ind1="1" ind2=" ">
    <subfield code="a">Aitchison, Jean.</subfield>
    <subfield code="9">19000</subfield>
  </datafield>
  <datafield tag="700" ind1="1" ind2=" ">
    <subfield code="a">Allen, C. G.</subfield>
    <subfield code="9">19978</subfield>
  </datafield>
  <datafield tag="710" ind1="2" ind2=" ">
    <subfield code="a">Aslib.</subfield>
    <subfield code="9">172080</subfield>
  </datafield>
  <datafield tag="710" ind1="2" ind2=" ">
    <subfield code="a">Unesco.</subfield>
    <subfield code="9">6999</subfield>
  </datafield>
  <datafield tag="830" ind1="1" ind2=" ">
    <subfield code="a">Informes y documentos de ciencias sociales ; </subfield>
    <subfield code="v">54</subfield>
    <subfield code="9">229454</subfield>
  </datafield>
  <datafield tag="852" ind1=" " ind2=" ">
    <subfield code="a">ES-MaACL</subfield>
    <subfield code="j">L-8482</subfield>
  </datafield>
  <datafield tag="999" ind1=" " ind2=" ">
    <subfield code="c">33415</subfield>
    <subfield code="d">33415</subfield>
  </datafield>
  <datafield tag="952" ind1=" " ind2=" ">
    <subfield code="0">0</subfield>
    <subfield code="1">0</subfield>
    <subfield code="4">0</subfield>
    <subfield code="7">0</subfield>
    <subfield code="a">ATENEOM</subfield>
    <subfield code="b">ATENEOM</subfield>
    <subfield code="c">DEPO2</subfield>
    <subfield code="d">2008-01-17</subfield>
    <subfield code="e">SC</subfield>
    <subfield code="l">0</subfield>
    <subfield code="o">L-8482</subfield>
    <subfield code="p">1034757</subfield>
    <subfield code="r">2023-02-23 00:00:00</subfield>
    <subfield code="w">2023-02-23</subfield>
    <subfield code="y">MONOGRAFIA</subfield>
  </datafield>
</record>
